The Oxford handbook of cyberpsychology (Record no. 82984)

MARC details
000 -LEADER
fixed length control field 00811 a2200253 4500
003 - CONTROL NUMBER IDENTIFIER
control field CBULib
005 - DATE AND TIME OF LATEST TRANSACTION
control field 20231113102953.0
008 - FIXED-LENGTH DATA ELEMENTS--GENERAL INFORMATION
fixed length control field 231113b |||||||| |||| 00| 0 eng d
020 ## - INTERNATIONAL STANDARD BOOK NUMBER
International Standard Book Number 9780192894175
040 ## - CATALOGING SOURCE
Language of cataloging English
Transcribing agency CBULib
Description conventions rda
041 ## - LANGUAGE CODE
Language code of text/sound track or separate title eng
050 ## - LIBRARY OF CONGRESS CALL NUMBER
Classification number QA 76.9.H85 Oxf
100 ## - MAIN ENTRY--PERSONAL NAME
Personal name Attrill-Smith, Alison
245 ## - TITLE STATEMENT
Title The Oxford handbook of cyberpsychology
Statement of responsibility, etc /edited by Alison Attrill-Smith; Chris Fullwood; Melanie Keep and Daria J. Kuss
260 ## - PUBLICATION, DISTRIBUTION, ETC. (IMPRINT)
Name of publisher, distributor, etc Oxford University Press,
Date of publication, distribution, etc 2019
Place of publication, distribution, etc Oxford :
300 ## - PHYSICAL DESCRIPTION
Extent xxv, 752 pages : illustrations
336 ## - CONTENT TYPE
Source rdacontent
Content type term Text |
Content type code txt
337 ## - MEDIA TYPE
Source rdamedia
Media type term Unmediated |
Media type code n
338 ## - CARRIER TYPE
Source rdacarrier
Carrier type term Volume
Carrier type code nc
700 ## - ADDED ENTRY--PERSONAL NAME
9 (RLIN) 1024
Personal name Fullwood, Chris
700 ## - ADDED ENTRY--PERSONAL NAME
9 (RLIN) 1025
Personal name Keep, Melanie
700 ## - ADDED ENTRY--PERSONAL NAME
9 (RLIN) 1026
Personal name Kuss, Daria J
942 ## - ADDED ENTRY ELEMENTS (KOHA)
Source of classification or shelving scheme
Koha item type MONOGRAPH
Holdings
Withdrawn status Lost status Source of classification or shelving scheme Damaged status Not for loan Collection code Permanent Location Current Location Shelving location Date acquired Source of acquisition Cost, normal purchase price Total Checkouts Full call number Barcode Date last seen Copy number Price effective from Koha item type
          Main Library Open Access Collection CBU-MAIN LIBRARY, KITWE. CBU-MAIN LIBRARY, KITWE. General Stacks 11/13/2023 DON-BOOKAID 41.16   QA 76.9.H85 Oxf 752292 11/13/2023 1 11/13/2023 MONOGRAPH